000 00778nam a2200205 a 4500
001 000043138
005 20201002040651.0
008 140220s1989 ag a 000 0 spa d
020 _a9509947024
040 _aDO-SdBNP
_bspa
_cBNPHU
082 _axxx
_bxxx
100 1 _aFraga, Rosendo
_970692
245 1 3 _aLa cuestion militar :
_b1987-1989 /
_cRosendo Fraga con la colaboración de Valeria Leslie.
260 _aBuenos Aires :
_bCentro de Estudios Unión para la Nueva Mayoría,
_c1989.
300 _a191 p. :
_bil. ;
_c23 cm.
490 1 _aAnálisis político
_v3
500 _aIncluye referencias bibliográficas y notas al pie de las páginas
500 _aIncluye datos biográficos del autor en la solapa de la contracubierta
830 0 _aAnálisis político ;
_n3
_970693
999 _c42627
_d42627